| 000 | 00367 a2200145 4500 | ||
|---|---|---|---|
| 005 | 20250628172132.0 | ||
| 020 | _a0-324-05589-7 | ||
| 082 | _a337 CAR | ||
| 100 | _aCARBAUGH, R. J. | ||
| 245 | _aInternational Economics. | ||
| 250 | _a8th Ed. | ||
| 260 |
_aNew York, _bMc Graw-Hill Irwin, _c2002. |
||
| 300 |
_axviii, 544p: ill.; figure _bIndex _c24cm |
||
| 942 |
_2ddc _cBKS |
||
| 999 |
_c6137 _d6137 |
||